000 00533nam a2200205 a 4500
005 20240924071209.0
008 991125s1989 es 000 0 spa u
020 _a842615464
035 _aUPN01000052589
049 _aI
050 4 _aPZ7
_bC8.7 1989
100 1 _aCulla, Rita
245 1 1 _a¿Sabes por qué? /
_cRita Culla.
250 _a2a ed.
260 _aBarcelona, Esp. :
_bJuventud,
_c1989.
300 _a[25] p. :
_bprincipalmente il.
440 0 _aTíteres
650 4 _aLiteratura infantil
_94445
905 _aInfantil
999 _c52589
_d52589